| 000 | 00726nam a22002177a 4500 | ||
|---|---|---|---|
| 999 |
_c7018 _d7018 |
||
| 001 | 7018 | ||
| 003 | BD-JhCC | ||
| 005 | 20181025134016.0 | ||
| 008 | 180204b xxu||||| |||| 00| 0 eng d | ||
| 035 | _a(BD-JhCC)7018 | ||
| 040 |
_aBD-JhCC _dBD-JhCC |
||
| 041 | _aeng | ||
| 082 |
_a297.1228 _bHAN 2005 |
||
| 100 | _aহাননান, ড. মোহাম্মদ | ||
| 245 |
_aপবিত্র কোরআন বাংলা আনুবাদের নানা প্রসঙ্গ / _cড. মোহাম্মদ হাননান |
||
| 260 |
_aঢাকা : _bআগামী প্রকাশনী, _c2005. |
||
| 300 |
_a111 p. : _c22 cm. |
||
| 650 | _aAl - Quran | ||
| 942 |
_2ddc _cBK _02 |
||